| 000 | 01566nam0a2200349 4500 | ||
|---|---|---|---|
| 001 | RU\NLR\BIBL_A\011974926 | ||
| 005 | 20231004141604.0 | ||
| 010 |
_a978-5-6041882-5-5 _950 |
||
| 021 |
_aRU _bКН-П-19-014782 _9КН-П-19-1104 |
||
| 035 | _a(NLR Aleph) 011974926 | ||
| 035 | _a(RuMoRGB)009909896 | ||
| 090 |
_a11277373 _c11277373 |
||
| 100 | _a20190329d2019 k y0rusy50 ca | ||
| 101 | 0 | _arus | |
| 102 | _aRU | ||
| 105 | _aa z 000zy | ||
| 200 | 1 |
_aТеория пространственно-временных монополей реакторов _e[монография] _fС. А. Качур |
|
| 210 |
_aСевастополь _cРибест _d2019 |
||
| 215 |
_a363 с. _cил., табл. _d20 |
||
| 313 | _aУправление ядерными реакторами на основе кривизны пространства. | ||
| 320 | _aБиблиогр. в конце разд. | ||
| 606 | 1 |
_aЯдерные реакторы _xУправление _2nlr_sh1 _2nlr_sh2 _3RU\NLR\AUTH\661232111 |
|
| 606 | 1 |
_aВселенная _xЯдерные реакции _2nlr_sh1 _2nlr_sh2 _3RU\NLR\AUTH\661367412 |
|
| 606 | 1 |
_aВселенная _xПространство-временная структура _2nlr_sh1 _2nlr_sh2 _3RU\NLR\AUTH\661299149 |
|
| 686 | 1 | _aЗ46-05 | |
| 686 | 1 | _aВ632.93 | |
| 700 | 1 |
_aКачур _bС. А. _gСветлана Александровна _3RU\NLR\AUTH\770177416 |
|
| 942 | _cBOOK | ||
| 980 | _aNBR | ||
| 980 | _aNB | ||